শেক্সপিয়ারের সমাজ চেতনা / (Record no. 2673)
[ view plain ]
| 000 -LEADER | |
|---|---|
| fixed length control field | 00829nam a22002177a 4500 |
| 003 - CONTROL NUMBER IDENTIFIER | |
| control field | BD-DhJNU |
| 005 - DATE AND TIME OF LATEST TRANSACTION | |
| control field | 20260413045958.0 |
| 008 - FIXED-LENGTH DATA ELEMENTS--GENERAL INFORMATION | |
| fixed length control field | 260413b |||||||| |||| 00| 0 eng d |
| 020 ## - INTERNATIONAL STANDARD BOOK NUMBER | |
| International Standard Book Number | 9788171571505 |
| 040 ## - CATALOGING SOURCE | |
| Original cataloging agency | BD-DhJNU |
| Language of cataloging | ENG |
| Transcribing agency | BD-DhJNU |
| Modifying agency | BD-DhJNU |
| 082 ## - DEWEY DECIMAL CLASSIFICATION NUMBER | |
| Edition number | 23 |
| Classification number | 822.33 DUS |
| 100 ## - MAIN ENTRY--PERSONAL NAME | |
| Personal name | দত্ত, উৎপল |
| 242 ## - TRANSLATION OF TITLE BY CATALOGING AGENCY | |
| Title | Shakespeare's Social Consciousness / |
| Statement of responsibility, etc. | Utpal Dutt |
| 245 ## - TITLE STATEMENT | |
| Title | শেক্সপিয়ারের সমাজ চেতনা / |
| Statement of responsibility, etc. | উৎপল দত্ত |
| 250 ## - EDITION STATEMENT | |
| Edition statement | 4th ed. |
| 260 ## - PUBLICATION, DISTRIBUTION, ETC. | |
| Place of publication, distribution, etc. | কলকাতা : |
| Name of publisher, distributor, etc. | এম সি সরকার অ্যান্ড সন্স, |
| Date of publication, distribution, etc. | 1430 bn. |
| 300 ## - PHYSICAL DESCRIPTION | |
| Extent | ৫২৮ পৃ. : |
| Other physical details | চিত্র ; |
| Dimensions | ২২ সেমি.। |
| 650 ## - SUBJECT ADDED ENTRY--TOPICAL TERM | |
| Topical term or geographic name entry element | ইংরেজি সাহিত্য |
| 650 ## - SUBJECT ADDED ENTRY--TOPICAL TERM | |
| Topical term or geographic name entry element | English literature |
| 942 ## - ADDED ENTRY ELEMENTS (KOHA) | |
| Source of classification or shelving scheme | Dewey Decimal Classification |
| Koha item type | Books |
| Suppress in OPAC | No |
| Withdrawn status | Lost status | Source of classification or shelving scheme | Damaged status | Not for loan | Collection | Home library | Current library | Shelving location | Date acquired | Source of acquisition | Total checkouts | Full call number | Barcode | Date last seen | Copy number | Price effective from | Koha item type |
|---|---|---|---|---|---|---|---|---|---|---|---|---|---|---|---|---|---|
| Dewey Decimal Classification | Non-fiction | Jagannath University Central Library | Jagannath University Central Library | General stacks | 04/13/2026 | Purchased | 822.33 DUS | JNUCL36182 | 04/13/2026 | 1 | 04/13/2026 | Books |